• 首页
  • 本馆介绍
  • 公告通知
  • 最新文献
  • 馆藏检索
  • 电子资源
  • 读者导购
  • 参考咨询
  • 我的图书馆
  • 登录
  • 详细信息显示
  • 放入我的书架
  • 预约/预借图书
  • 作者相关作品
  • 分类相关作品
  • 丛书相关作品
  • 出版社相关作品

书目信息

  • 表格格式
  • 工作单格式
  • 卡片格式
题名:
商业会计学
    
 
作者: 金中泉 , 丁承厚 , 张以宽 编著
分册: 上册  
出版信息: 北京   中央广播电视大学出版社  1984
页数: 2册
开本: 19cm
丛书名:
单 册:
中图分类: F715.5
科图分类:
主题词: 商业会计
电子资源:
ISBN:
000 00690nam0 2200253 45
001 0184013413
005 20061030161810.70
010    @dCNY1.10
091    @aCN@b4300.5(上)
100    @a19950606d1984 em y0chiy0121 ea
101 0  @achi
102    @aCN@b110000
105    @ay z 000yy
200 10 @a商业会计学@Ashang ye kuai ji xue@h上册@f金中泉等编著
210    @a北京@c中央广播电视大学出版社@d1984
215    @a2册@d19cm
606    @a商业会计
690    @aF715.5@v3
701  0 @a金中泉@Ajin zhong quan@4编著
701  0 @a丁承厚@Ading cheng hou@4编著
701  0 @a张以宽@Azhang yi kuan@4编著
801  2 @aCN@bNLC@c20061030
801  0 @aCN@bTSSF
905    @a10447@dF715.5@e24:1
    
    商业会计学.上册/金中泉等编著.-北京:中央广播电视大学出版社,1984
    2册;19cm
    
    
    ISBN :CNY1.10
    
●
相关链接 在E读中查询图书 在五车中查询图书 在当当中查询图书 在豆瓣中查询图书


正题名:商业会计学     索取号:F715.5/24:1         预约/预借

序号 登录号 条形码 馆藏地/架位号 状态 备注
1 0110438   000487770   第一样本阅览室/ [索取号:F715.5/24:1] 在馆    
唐山师范学院图书馆 欢迎您!
大连网信软件有限公司© 版权所有